000 01112nam a2200289 i 4500
003 EG-GICUC
005 20260121101327.0
008 251120s1997 ua d|||fr|||| 00| 0 ara d
040 _a EG-GICUC
_bara
_c EG-GICUC
_d EG-GICUC
_erda
041 0 _aara
082 0 4 _221
_a345.2
_bم ح . ن
092 0 4 _221
099 _aLaw1 07 345.2 م ح . ن 1997
100 0 _aمحمود عاطف البنا
_eمؤلف.
245 1 0 _aنظم الإدارة المحلية /
_cالدكتور محمود عاطف البنا.
264 3 _aالقاهرة :
_bمكتبة القاهرة الحديثة،
_c[1997].
300 _a550 صفحة :
_bإيضاحيات ؛
_c24 سم.
336 _2rda content
_atext
337 _2rda media
_aComputer
338 _2rda carrier
_aOnline Resource
504 _aيشتمل عل إرجاعات ببليوجرافية.
546 _aالنص أغلبه باللغة العربية مع بعض النصوص الفرنسية
650 1 4 _aالفانون الإداري
856 4 0 _uhttps://fll.law.cu.edu.eg/fulltext/bks/B07-00842.pdf
905 _a32
_eYara
942 _2ddc
_cBK
_e21
_n0
999 _c45056
_d45056